LIBRARY & INFORMATION CENTRE, KCAET, TAVANUR

ONLINE PUBLIC ACCESS CATALOGUE (OPAC)

Engineering drawing including introductory practical design data for students of engineering / (Record no. 8739)

MARC details
000 -LEADER
fixed length control field 00466cam a2200169ua 4500
041 ## - LANGUAGE CODE
Language code of text/sound track or separate title eng
082 ## - DEWEY DECIMAL CLASSIFICATION NUMBER
Classification number 604.2
Item number DAV/EN
100 ## - MAIN ENTRY--AUTHOR NAME
Personal name Davey, H T .
245 ## - TITLE STATEMENT
Title Engineering drawing including introductory practical design data for students of engineering /
250 ## - EDITION STATEMENT
Edition statement 1 /
260 ## - PUBLICATION, DISTRIBUTION, ETC. (IMPRINT)
Place of publication London :
Name of publisher McDonald ,
Year of publication 1952.
300 ## - PHYSICAL DESCRIPTION
Number of Pages 392 ; .
700 1# - ADDED ENTRY--PERSONAL NAME
Personal name Wilkins, R J .
942 ## - ADDED ENTRY ELEMENTS (KOHA)
Koha item type Books
Holdings
Withdrawn status Lost status Damaged status Home library Current library Date acquired Full call number Accession Number Koha item type
      KAUAET KAUAET 07/04/2012 604.2 3867 Books
free website counter